| 000 | 00906nam0a22002891 4500 | ||
|---|---|---|---|
| 001 | rc\2282241 | ||
| 005 | 20110829191722.1 | ||
| 035 | _a(NLR Aleph) 006561406 | ||
| 090 |
_a6847470 _c6847470 |
||
| 100 | _a20110829d1977 |||y0rusy50 ca | ||
| 101 | 0 | _arus | |
| 102 | _aRU | ||
| 105 | _aa z |||a| | ||
| 200 | 1 |
_aДикая кровь _eРоман _fАнатолий Чмыхало _g[Худож. С. Туров] |
|
| 210 |
_aКрасноярск _cКн. изд-во _d1977 |
||
| 215 |
_a440 с. _cил. _d20 |
||
| 607 |
_aСибирь _z17 в. (х. л.) _2psbo |
||
| 686 |
_aШ5(2=Р)75-644 _2rubbk |
||
| 700 | 1 |
_aЧмыхало _bА. И. _f1924- _gАнатолий Иванович |
|
| 702 | 1 |
_aТуров _bС. _4440 |
|
| 801 | 0 |
_aRU _bNLR _gpsbo |
|
| 801 | 1 |
_aRU _bELAR _2rusmarc |
|
| 852 |
_aNLR _j77-3/7558 |
||
| 899 |
_aRuMoRGB _jБ 77-45/160 |
||
| 899 |
_aRuMoRGB _jБ 77-45/161 |
||
| 942 | _cBOOK | ||
| 980 | _aNB | ||